|
|
|
|
| LEADER |
00000cam a22000004a 4500 |
| 001 |
musev2_58253 |
| 003 |
MdBmJHUP |
| 005 |
20230905045957.0 |
| 006 |
m o d |
| 007 |
cr||||||||nn|n |
| 008 |
180312s2018 inu o 00 0 eng d |
| 010 |
|
|
|z 2018011776
|
| 020 |
|
|
|a 9780253032119
|
| 020 |
|
|
|z 9780253034045
|
| 020 |
|
|
|z 9780253034052
|
| 020 |
|
|
|z 9780253032126
|
| 020 |
|
|
|z 9780253032102
|
| 035 |
|
|
|a (OCoLC)1028608164
|
| 040 |
|
|
|a MdBmJHUP
|c MdBmJHUP
|
| 245 |
0 |
0 |
|a Ecocritical Aesthetics :
|b Language, Beauty, and the Environment /
|c edited by Peter Quigley and Scott Slovic.
|
| 264 |
|
1 |
|a Bloomington, Indiana :
|b Indiana University Press,
|c [2018]
|
| 264 |
|
3 |
|a Baltimore, Md. :
|b Project MUSE,
|c 2018
|
| 264 |
|
4 |
|c ©[2018]
|
| 300 |
|
|
|a 1 online resource (234 pages):
|b illustrations (some color)
|
| 336 |
|
|
|a text
|b txt
|2 rdacontent
|
| 337 |
|
|
|a computer
|b c
|2 rdamedia
|
| 338 |
|
|
|a online resource
|b cr
|2 rdacarrier
|
| 505 |
0 |
|
|a Cover; ECOCRITICAL AESTHETICS; Title; Copyright; CONTENTS; Acknowledgments; Introduction; Part 1. The Relevance of Beauty; 1 "It Is Out of Fashion to Say So": The Language of Nature and the Rhetoric of Beauty in Robinson Jeffers; 2 Thoreau's Poetics of Nature; 3 The Pout's Nest and the Painter's Eye; 4 "Yet How Beautiful It Is!": Work, Ethics, and Beauty in Stegner's Angle of Repose; 5 Renaissance Aesthetics, Picturesque Beauty, the Natural Landscape: An Essay Examining the Rise and Fall of the Impulse toward Beauty; Part 2. Beauty and Engagement.
|
| 505 |
0 |
|
|a 6 Toward an Ecofeminist Aesthetic of Reconnection7 Beauty and the Body: Toward an Ecofeminist Aesthetic That Includes Loving Our Naked Selves; 8 Dystopia and Utopia in a Nuclear Landscape: Emerging Aesthetics in Satoyama; 9 Know Beauty, Know Justice: Why Beauty Matters in the Classroom; Part 3. Materiality, Transcendence, and Aesthetics; 10 Nature's Colors: A Prismatic Materiality in the Natural/Cultural Realms; 11 From the Human to the Divine: Nature in the Writings of the Tamil Poet-Saints; 12 Beauty as Ideological and Material Transcendence.
|
| 588 |
|
|
|a Description based on print version record.
|
| 650 |
|
7 |
|a Environment (Aesthetics)
|2 fast
|0 (OCoLC)fst00912848
|
| 650 |
|
7 |
|a Aesthetics.
|2 fast
|0 (OCoLC)fst00798702
|
| 650 |
|
7 |
|a PHILOSOPHY
|x Aesthetics.
|2 bisacsh
|
| 650 |
|
6 |
|a Environnement (Esthetique)
|
| 650 |
|
0 |
|a Aesthetics.
|
| 650 |
|
0 |
|a Environment (Aesthetics)
|
| 655 |
|
7 |
|a Electronic books.
|2 local
|
| 700 |
1 |
|
|a Slovic, Scott,
|d 1960-
|e editor.
|
| 700 |
1 |
|
|a Quigley, Peter,
|d 1951-
|e editor.
|
| 710 |
2 |
|
|a Project Muse.
|e distributor
|
| 830 |
|
0 |
|a Book collections on Project MUSE.
|
| 856 |
4 |
0 |
|z Texto completo
|u https://projectmuse.uam.elogim.com/book/58253/
|
| 945 |
|
|
|a Project MUSE - Custom Collection
|
| 945 |
|
|
|a Project MUSE - 2018 Complete
|
| 945 |
|
|
|a Project MUSE - 2018 Philosophy and Religion
|